Paises con más peruanos (sin contar perú) - Estadísticas

Estadísticas generales
  • Esta prueba ha sido intentada 186 veces
  • La puntuación promedio es 19 de 20
Estadísticas de respuestas
Continente Número de peruanos País % Correcto
Europa 265.411 España
100%
América del Norte 751.519 Estados Unidos
99%
América del Norte 34.240 Canadá
98%
Asia 14.621 China
98%
América del Sur 5.481 Colombia
98%
América del Sur 156.251 Argentina
97%
América del Sur 12.317 Bolivia
97%
América del Sur 250.908 Chile
97%
Europa 30.000 Francia
97%
Europa 127.189 Italia
97%
Asia 60.065 Japón
97%
América del Norte 9.209 México
97%
Europa 19.169 Alemania
96%
América del Sur 14.792 Ecuador
96%
América del Sur 19.711 Venezuela
96%
Oceanía 13.770 Australia
95%
América del Sur 21.794 Brasil
95%
Europa 7.985 Reino Unido
93%
Europa 12.493 Suiza
87%
Europa 8.250 Suecia
77%
No se encontraron pruebas coincidentes
Distribución de puntuación
Porcentaje de gente con cada puntuación
Porcentaje por número respondido
Historial de tus puntuaciones
No has intentado esta prueba.